Top 100 Meilleurs Mangas - Statistiques

Statistiques générales
  • Ce quiz a été pris 573 fois
  • Le résultat moyen est 19 sur 100
Statistiques - réponses
Réponse % Correct
Naruto
97%
One Piece
96%
Dragon Ball
88%
Bleach
71%
Demon Slayer
71%
My Hero Academia
71%
L'attaque des Titans
70%
Jujutsu Kaisen
67%
Hunter X Hunter
62%
Death Note
61%
Fairy Tail
57%
One-Punch Man
53%
Tokyo Ghoul
51%
Berserk
50%
Assassination Classroom
46%
Fullmetal Alchemist
40%
Détective Conan
35%
Chainsaw Man
34%
Vinland Saga
34%
GTO
33%
JoJo's Bizarre Adventure
31%
Seven Deadly Sins
30%
Slam Dunk
29%
The Promised Neverland
28%
Monster
25%
Nana
25%
Kuroko's Basket
24%
Sword Art Online
24%
Kingdom
23%
Food Wars
22%
Black Butler
20%
Blue Exorcist
20%
Vagabond
20%
Ippo
18%
Akira
17%
Ranma 1/2
17%
Parasite
16%
Soul Eater
16%
Eyeshield 21
14%
Erased
13%
Ken le survivant
13%
YuYu Hakusho
13%
City Hunter
12%
20th Century Boys
11%
Bakuman
11%
Fruits Basket
11%
Kenshin le vagabond
11%
Devilman
10%
Pluto
9%
A Silent Voice
8%
Bonne nuit Punpun
8%
Neon Genesis Evangelion
8%
Dr. Slump
7%
Gantz
7%
Dorohedoro
6%
Real
6%
D.Gray-man
5%
Gunnm
5%
Hellsing
5%
Rainbow
5%
Shaman King
5%
Billy Bat
4%
Claymore
4%
Ghost in the Shell
4%
Battle Royale
3%
Beck
3%
BLAME!
3%
Deadman Wonderland
3%
Hikaru no Go
3%
Les Chevalier du Zodiaque
3%
Love Hina
3%
Pandora Hearts
3%
Quartier Lointain
3%
Amer Béton
2%
Dreamland
2%
Le Sommet des Dieux
2%
L'habitant de l'infini
2%
Mushishi
2%
Nausicaä de la vallée du vent
2%
Spirale
2%
Übel Blatt
2%
xxxHolic
2%
Yotsuba&
2%
Young GTO
2%
Ayako
1%
Coq de Combat
1%
Dragon Quest : La Quête de Daï
1%
Ikigami : Préavis de mort
1%
La Vie de Bouddha
1%
Le Journal de mon père
1%
L'Histoire des 3 Adolf
1%
Nausicaä de la vallée du vent, Tome 1
1%
Planetes : L'intégrale
1%
Red Eyes Sword : Akame ga Kill !
1%
Samurai Deeper Kyo
1%
Tsubasa -RESERVoir CHRoNiCLE-
1%
Ashite no Joe
0%
Cobra The Space Pirate
0%
Le Nouvel Angyo Onshi
0%
Le Sommet des dieux, tome 1
0%
Aucun quiz correspondant
Distribution des résultats
% des personnes avec chaque résultat
Percentile par nombre de réponses
Votre historique - résultats
Vous n’avez pas pris ce quiz